| 000 | 00906nas a2200253 4500 | ||
|---|---|---|---|
| 001 | BR8500187 | ||
| 003 | BR-BrBNA | ||
| 005 | 20231205090050.0 | ||
| 007 | ta | ||
| 008 | 230509b bl.|||p| |||| 00| 00por d | ||
| 040 |
_aBR-BrBNA _bpor _cBiblioteca Nacional de Agricultura |
||
| 041 | _a(Pt) | ||
| 072 | _aF27 | ||
| 100 | 1 | _aSouza Filho, B.F. de | |
| 100 | 1 | _aAndrade, M.J.B. de | |
| 245 | 1 | _aInfluencia de diferentes populacoes de plantas no consorcio milho x feijao [Zea mays, Phaseolus vulgaris] | |
| 246 | 1 | _aInfluence of different maize x bean plant populations under intercropping conditions [Zea mays, Phaseolus vulgaris] | |
| 650 | _aMILHO | ||
| 650 | _aFEIJAO | ||
| 650 | _aCONSORCIACAO DE CULTURA | ||
| 773 | 0 |
_tPesquisa Agropecuaria Brasileira (Brazil) _xISSN 0100-204X _g(Apr 1984), v. 19(4) p. 469-471 _wBR8500187 |
|
| 909 |
_a202311 _bLúcia _c55 _dLúcia Elande |
||
| 942 |
_2AGRIS _n0 _cANA |
||
| 999 |
_c115917 _d115917 |
||